000 00870nas a2200265 i 4500
001 1325
003 ES-MaACL
005 20250814062552.0
007 t|
008 950801c1932 xxu | | 1 ||ng d
080 _a61
245 0 4 _aThe Journal of pediatrics /
_cofficial organ for the American Academy of Pediatrics ; editors Boden S. Veeder, Hugh Mac Culloch.
260 _aWashington :
_bC.V. Mosby Company,
_c1932-
300 _a4 v. :
_bgrab ;
_c25 cm.
310 _aMensual
362 0 _av. 1- July 1932-
650 4 _aInstituciones científicas y diversas
_913829
650 1 7 _aMedicina
_2embne
_914891
700 1 _aVeeder, Borden S.
_9113529
700 1 _aMac Culloch, Hugh.
_975015
710 0 0 _aAmerican Academy of Pediatrics (
_cWashington)
_91345
852 _aES-MaACL
_jHem-33
866 0 _o(1946)1947-49(1950f.may.-ago.).
999 _c1325
_d1325